000 00711nam a2200217Ia 4500
003 GCL
008 140319s9999 xx 000 0 ara d
040 _aGCL /
_cGCL
082 0 4 _a822.008
_bش م
100 1 _aنظير عبود
245 1 0 _aمسرحيات وليم شكسبير :
_bالكاملة /
_cنظير عبود
700 1 _aشكسبير، ويليام
700 1 _aمشاطى، ا0 ر
250 _aالاولى
260 _aبيروت :
_bدار نظير عبود ،
_c1991
300 _a448 ص ؛
_c24 سم
650 0 4 _aالمسرح الانجليزى
650 0 4 _aالمسرحيات الانجليزية المترجمة
650 0 4 _aشكسبير، ويليام
942 _2ddc
_cBK
999 _c56438
_d56438